000 00322nam a22001457a 4500
008 230127b ||||| |||| 00| 0 eng d
020 _a9780132179348
041 _aeng
080 _2SIXTH EDITION
_a37
082 _a37KAU
100 _a22
101 _aEDU
245 _aLEARNING TEACHING
_cKAUCHAK D
942 _2udc
_cBK
999 _c59283
_d59283